عرض عادي
عرض مارك
- Spam filtering (Electronic mail)
مدخل مصطلح موضوعي
001 - رقم الضبط
- حقل الضبط: 5752
003 - معرف رقم الضبط
- حقل الضبط: OSt
005 - تاريخ ووقت أخر عملية
- حقل الضبط: 20111027030942.0
008 - عناصر بيانات ثابتة الطول
- حقل تحكم ثابت الطول: 111027|||a|||||| | ||| d
040 ## - مصدر الفهرسة
- هيئة الفهرسة الأصلية: OSt
- وكالة الكتابة: OSt
150 ## - مدخل-- مصطلح تاريخي
- عنصر مدخل المصطلح الموضوعي او الاسم الجغرافي: Spam filtering (Electronic mail)
- تفريع عام: Computer programs.
670 ## - بيانات المصدر موجوده
- الاستشهاد بالمصدر: Work cat.: (OSt)540: Wolfe, Paul. 5751, Anti-spam tool kit /, c2004.
